Child labor: facts and figures ... (Record no. 36119)
[ view plain ]
| 000 -LEADER | |
|---|---|
| fixed length control field | 01316cam a22003011 4500 |
| 001 - CONTROL NUMBER | |
| control field | l 33000163 |
| 003 - CONTROL NUMBER IDENTIFIER | |
| control field | DLC |
| 005 - DATE AND TIME OF LATEST TRANSACTION | |
| control field | 20260227111534.0 |
| 008 - FIXED-LENGTH DATA ELEMENTS--GENERAL INFORMATION | |
| fixed length control field | 820626s1933 xx a 000 0 eng |
| 010 ## - LIBRARY OF CONGRESS CONTROL NUMBER | |
| LC control number | l 33000163 |
| 035 ## - SYSTEM CONTROL NUMBER | |
| System control number | (OCoLC)14735459 |
| 040 ## - CATALOGING SOURCE | |
| Original cataloging agency | DLC |
| Transcribing agency | DNLM |
| Modifying agency | NhD |
| -- | OCoLC |
| -- | DLC |
| 050 00 - LIBRARY OF CONGRESS CALL NUMBER | |
| Classification number | HD6250.U3 |
| Item number | A4 1933 |
| 060 0# - NATIONAL LIBRARY OF MEDICINE CALL NUMBER | |
| Classification number | W1 |
| Item number | UN6181 no.197 1933 |
| 110 1# - MAIN ENTRY--CORPORATE NAME | |
| Corporate name or jurisdiction name as entry element | United States. |
| Subordinate unit | Children's Bureau. |
| 245 10 - TITLE STATEMENT | |
| Title | Child labor: facts and figures ... |
| 260 ## - PUBLICATION, DISTRIBUTION, ETC. | |
| Place of publication, distribution, etc. | Washington, |
| Name of publisher, distributor, etc. | U.S. Govt. print. off., |
| Date of publication, distribution, etc. | 1933. |
| 300 ## - PHYSICAL DESCRIPTION | |
| Extent | vi, 85 p. |
| Other physical details | ill. |
| 490 1# - SERIES STATEMENT | |
| Series statement | United States. Children's bureau. Publication |
| Volume/sequential designation | no. 197. Revised October 1933 |
| 500 ## - GENERAL NOTE | |
| General note | At head of title: United States Dept. of labor. Frances Perkins, secretary. Children's bureau. Grace Abbott, chief. |
| 500 ## - GENERAL NOTE | |
| General note | "The report was written by Jean A. Flexner, assisted by Ella Arvilla Merritt, under the general supervision of Clara M. Beyer. The legal analyses were prepared by Lucy Manning." - Letter of transmittal. |
| 504 ## - BIBLIOGRAPHY, ETC. NOTE | |
| Bibliography, etc. note | "Reading references": p. 34-35, 75-76. |
| 650 #0 - SUBJECT ADDED ENTRY--TOPICAL TERM | |
| Topical term or geographic name entry element | Child labor |
| Geographic subdivision | United States. |
| 650 #0 - SUBJECT ADDED ENTRY--TOPICAL TERM | |
| Topical term or geographic name entry element | Children |
| General subdivision | Legal status, laws, etc. |
| Geographic subdivision | United States. |
| 700 1# - ADDED ENTRY--PERSONAL NAME | |
| Personal name | Flexner, Jean Atherton. |
| 700 1# - ADDED ENTRY--PERSONAL NAME | |
| Personal name | Manning, Lucy. |
| 810 1# - SERIES ADDED ENTRY--CORPORATE NAME | |
| Corporate name or jurisdiction name as entry element | United States. |
| Subordinate unit | Children's Bureau. |
| Title of a work | Publication ; |
| Volume/sequential designation | no. 197. |
No items available.